Sevilla FC Squad 2022-2023 - Statistics

General Stats
  • This quiz has been taken 191 times
    114 since last reset
  • The average score is 23 of 32
Answer Stats
# Position Nation Player % Correct
10 MF Croatia Ivan Rakitić
94%
2 DF Argentina Gonzalo Montiel
92%
13 GK Morocco Yassine Bounou
92%
15 FW Morocco Youssef En-Nesyri
92%
5 FW Argentina Lucas Ocampos
90%
19 DF Argentina Marcos Acuña
90%
20 MF Brazil Fernando
86%
6 MF Serbia Nemanja Gudelj
84%
16 DF Spain Jesús Navas
78%
1 GK Serbia Marko Dmitrović
78%
12 FW Spain Rafa Mir
78%
7 FW Spain Suso
76%
24 MF Argentina Papu Gómez
74%
9 FW Mexico Tecatito Corona
74%
8 MF Spain Joan Jordán
72%
- Coach Spain Julen Lopetegui
72%
17 FW Argentina Erik Lamela
70%
3 DF Brazil Alex Telles
66%
- Coach Argentina Jorge Sampaoli
66%
4 DF Netherlands Karim Rekik
66%
23 DF Brazil Marcão
66%
21 MF Spain Óliver Torres
66%
18 MF Denmark Thomas Delaney
66%
22 DF France Loïc Badé
64%
14 DF France Tanguy Nianzou
60%
5 FW Denmark Kasper Dolberg
58%
11 FW Belgium Adnan Januzaj
56%
- Coach Spain José Luis Mendilibar
56%
25 FW Spain Bryan Gil
52%
18 MF Senegal Pape Gueye
50%
30 DF Spain José Ángel Carmona
40%
22 MF Spain Isco
34%
No matching quizzes found
Score Distribution
Percent of People with Each Score
Percentile by Number Answered
Your Score History
You have not taken this quiz since the last reset